| Tag |
First Indicator |
Second Indicator |
Subfields |
| LEADER |
00000cam a2200000 a 4500 |
| 001 |
in00002782265 |
| 005 |
20151202171448.0 |
| 008 |
110726s2012 enk e 000 0 eng |
| 020 |
|
|
|a 9780415699204 (hbk)
|
| 020 |
|
|
|a 0415699207 (hbk)
|
| 035 |
|
|
|a (OCoLC)ocn782201779
|
| 040 |
|
|
|a AU@
|c AU@
|d YDX
|d BWX
|d TXA
|d UtOrBLW
|
| 049 |
|
|
|a TXAM
|
| 082 |
0 |
|
|a 657.071
|2 23
|
| 090 |
|
|
|a HF5630
|b .P47 2012
|
| 245 |
0 |
0 |
|a Personal transferable skills in accounting education /
|c edited by Kim Watty, Beverley Jackling and Richard M.S. Wilson.
|
| 264 |
|
1 |
|a London ;
|a New York :
|b Routledge,
|c 2012.
|
| 300 |
|
|
|a v, 181 pages ;
|c 26 cm.
|
| 336 |
|
|
|a text
|b txt
|2 rdacontent
|
| 337 |
|
|
|a unmediated
|b n
|2 rdamedia
|
| 338 |
|
|
|a volume
|b nc
|2 rdacarrier
|
| 504 |
|
|
|a Includes bibliographical references and index.
|
| 520 |
|
|
|a The development of generic skills (often referred to as 'soft skills') in accounting education has been a focus of discussion and debate for several decades. During this time employers and professional bodies have urged accounting educators to consider and develop curricula which provide for the development and assessment of these skills. In addition, there has been criticism of the quality of accounting graduates and their ability to operate effectively in a global economy. Embedding generic skills in the accounting curriculum has been acknowledged as an appropriate means of addressing the need to provide 'knowledge professionals' to meet the needs of a global business environment.
|
| 650 |
|
0 |
|a Accounting
|x Study and teaching.
|
| 650 |
|
0 |
|a Soft skills.
|
| 700 |
1 |
|
|a Watty, Kim.
|
| 700 |
1 |
|
|a Jackling, Beverley.
|
| 700 |
1 |
|
|a Wilson, R. M. S.
|q (Richard Malcolm Sano)
|
| 945 |
|
|
|a PromptCat
|
| 948 |
|
|
|a cataloged
|b h
|c 2012/6/19
|d c
|e dmitchel
|f 2:10:20 pm
|
| 994 |
|
|
|a C0
|b TXA
|
| 999 |
|
|
|a MARS
|
| 999 |
f |
f |
|s ec6667f6-585e-3293-86a4-19a415cbce77
|i 018c18e8-24f9-3500-907a-ae171b80d32f
|t 0
|
| 952 |
f |
f |
|p ric
|a Texas A&M University
|b Rellis Campus
|c Joint Library Facility
|d Remote Storage
|t 0
|e HF5630 .P47 2012
|h Library of Congress classification
|i unmediated -- volume
|m A14835907111
|
| 998 |
f |
f |
|a HF5630 .P47 2012
|t 0
|l Remote Storage
|